| 000 | 00728nam a2200229Ia 4500 | ||
|---|---|---|---|
| 005 | 20251017112052.0 | ||
| 008 | 210716s2015 xx 000 0 und d | ||
| 020 | _a9789351198062 | ||
| 040 | _cAIMIT LIBRARY | ||
| 041 | _aeng | ||
| 082 |
_a005.768 _21 _bMARN |
||
| 100 |
_aMarz, Nathan. _949772 |
||
| 245 |
_aBig data : _bprinciples and best practices of scalable real time data systems / _cBy Nathan Marz and James Warren. |
||
| 250 | _a1st ed. | ||
| 260 |
_aNew Delhi : _bDreamtech Press , _c2015. |
||
| 300 |
_axx, 308p. ; _bPB _c24.5 cm. |
||
| 650 |
_aBatch layer _949773 |
||
| 650 |
_aServing layer _949774 |
||
| 650 |
_aSpeed layer _949775 |
||
| 700 |
_aWarren, James. _949776 |
||
| 942 |
_2ddc _cBK _e1st _k005.768 MARN |
||
| 999 |
_c194952 _d194952 |
||